Normal view
MARC view
Entry Personal Name
001 - CONTROL NUMBER
- control field: 51987
003 - CONTROL NUMBER IDENTIFIER
- control field: ARRUPE
005 - DATE AND TIME OF LATEST TRANSACTION
- control field: 20221125154012.0
008 - FIXED-LENGTH DATA ELEMENTS
- fixed length control field: 221125|| aca||aabn | a|a d
040 ## - CATALOGING SOURCE
- Original cataloging agency: ARRUPE
- Transcribing agency: ARRUPE
100 ## - HEADING--PERSONAL NAME
- Personal name: Karuvelil, George
670 ## - SOURCE DATA FOUND
- Source citation: Work cat.: (ARRUPE)131576: Association of Christian Philosophers of India. Meeting (31st : 2006 : Sacred Heart Seminary) 51984, Romancing the sacred? :, 2007.